<?xml version="1.0" encoding="UTF-8"?><?xml-stylesheet type="text/xsl" href="static/style.xsl"?><OAI-PMH xmlns="http://www.openarchives.org/OAI/2.0/" xmlns:xsi="http://www.w3.org/2001/XMLSchema-instance" xsi:schemaLocation="http://www.openarchives.org/OAI/2.0/ http://www.openarchives.org/OAI/2.0/OAI-PMH.xsd"><responseDate>2026-04-27T21:24:30Z</responseDate><request verb="GetRecord" identifier="oai:uvadoc.uva.es:10324/5524" metadataPrefix="marc">https://uvadoc.uva.es/oai/request</request><GetRecord><record><header><identifier>oai:uvadoc.uva.es:10324/5524</identifier><datestamp>2021-06-29T09:58:13Z</datestamp><setSpec>com_10324_38</setSpec><setSpec>col_10324_852</setSpec></header><metadata><record xmlns="http://www.loc.gov/MARC21/slim" xmlns:doc="http://www.lyncode.com/xoai" xmlns:xsi="http://www.w3.org/2001/XMLSchema-instance" xmlns:dcterms="http://purl.org/dc/terms/" xsi:schemaLocation="http://www.loc.gov/MARC21/slim http://www.loc.gov/standards/marcxml/schema/MARC21slim.xsd">
<leader>00925njm 22002777a 4500</leader>
<datafield tag="042" ind1=" " ind2=" ">
<subfield code="a">dc</subfield>
</datafield>
<datafield tag="720" ind1=" " ind2=" ">
<subfield code="a">Alfonso Hernández, Olga</subfield>
<subfield code="e">author</subfield>
</datafield>
<datafield tag="260" ind1=" " ind2=" ">
<subfield code="c">2014</subfield>
</datafield>
<datafield tag="520" ind1=" " ind2=" ">
<subfield code="a">Este trabajo académico es una revisión del estado actual de la publicidad de alimentos dirigida a menores, utilizando las principales teorías en las que se basa la psicología evolutiva, trataremos de analizar los perjuicios que acarree en evolución unas normativas en muchos casos ambiguas e insuficientes, para proteger a la infancia de múltiples intentos de persuasión por parte de la publicidad.&#xd;
Se revisarán tanto normas legales como las éticas, dirigidas a la protección del menor, centrándonos en el papel de la institución de autorregulación de la publicidad autocontrol, y sus códigos de autorregulación, en concreto analizaremos el código PAOS, código de autorregulación de la publicidad de alimentos dirigida a menores de 12 años y a menores de 15 años en el caso de internet, para la prevención de la obesidad y salud.&#xd;
El objetivo es mostrar el perjuicio que puede ocasionar el mensaje publicitario al desarrollo del menor, junto con el análisis de la legislación vigente, y las sentencias éticas que ofrecen protección para evitar este perjuicio. El funcionamiento de los organismos competentes está siendo precario y las consecuencias para los menores pueden ser desastrosas.</subfield>
</datafield>
<datafield tag="024" ind2=" " ind1="8">
<subfield code="a">http://uvadoc.uva.es/handle/10324/5524</subfield>
</datafield>
<datafield ind1=" " ind2=" " tag="653">
<subfield code="a">Publicidad televisada y niños</subfield>
</datafield>
<datafield ind1=" " ind2=" " tag="653">
<subfield code="a">Publicidad-Aspecto moral</subfield>
</datafield>
<datafield tag="245" ind1="0" ind2="0">
<subfield code="a">Vulnerabilidad de los menores ante la publicidad: aplicación del código PAOS</subfield>
</datafield>
</record></metadata></record></GetRecord></OAI-PMH>